000 00678nam a2200229 a 4500
001 BRCA_7698
005 20190320205942.0
008 230813s1952----enka######---#000-0#eng-#
041 _aeng
044 _aenk
050 4 _aNK7143
_b.E54 1952
245 1 0 _aEnglish medieval silver
_cVictoria and Albert Museum.
260 _aLondres
_bH. M. Stationery Office
_c1952
300 _a6 p.
_bil., 25 láminas
_c18 cm.
440 0 _aIt´s small picture book
_v27
_919024
500 _aU35
650 1 4 _aPlatería
_zGran Bretaña
_99227
650 1 4 _aGalerías y museos
_zInglaterra
_919025
710 2 _aVictoria and Albert Museum (Londres)
_919026
902 _aGFM
942 _2lcc
_cB
999 _c7372
_d7372